[Event "Bonne annee"]
[Site "Levis CAN"]
[Date "2001.01.06"]
[Round "2"]
[White "Auger, Bertrand"]
[Black "Dion, Jean-Francois"]
[Result "1-0"]
[WhiteElo "1945"]
[BlackElo "1699"]
[PlyCount "71"]
[GameId "2160767911618901"]
[EventDate "2001.01.04"]
[EventType "swiss"]
[EventRounds "5"]
[EventCountry "CAN"]

1. Nf3 Nf6 2. g3 g6 3. b4 Bg7 4. Bb2 O-O 5. Bg2 d6 6. O-O c6 7. c4 Nbd7 8. d3 e5 9. Nbd2 Qc7 10. Qc2 b6 11. a4 Bb7 12. a5 bxa5 13. Rxa5 c5 14. Bc3 a6 15. bxc5 Nxc5 16. e4 Nfd7 17. Nb3 f5 18. Nfd2 Ne6 19. Ra2 f4 20. Ba5 Qc8 21. Bh3 Ng5 22. Bg4 h5 23. h4 hxg4 24. hxg5 Qe8 25. c5 Rc8 26. Qc4+ Rf7 27. Qb4 Nxc5 28. Nxc5 dxc5 29. Qb6 Qc6 30. Rb1 Bf8 31. Nc4 Re8 32. Bc3 Qxb6 33. Rxb6 Kh7 34. Nxe5 Rc7 35. Nxg4 Rd8 36. Nf6+ 1-0

[Event "Bonne annee"]
[Site "Levis CAN"]
[Date "2001.01.06"]
[Round "2"]
[White "Ouellet, Michel"]
[Black "Beaudoin, Stephane"]
[Result "0-1"]
[WhiteElo "1631"]
[BlackElo "1907"]
[PlyCount "46"]
[GameId "2160767911618902"]
[EventDate "2001.01.04"]
[EventType "swiss"]
[EventRounds "5"]
[EventCountry "CAN"]
[SourceTitle "hb 2012"]

1. e4 g6 2. d4 Bg7 3. Nc3 d6 4. Be3 c6 5. Be2 b5 6. a3 a6 7. Qd2 Nd7 8. f4 Nb6 9. b3 d5 10. Nf3 dxe4 11. Nxe4 Nd5 12. O-O Nh6 13. Rad1 Nxe3 14. Qxe3 O-O 15. Ne5 Qb6 16. Nc5 Rd8 17. Nxc6 Qxc6 18. Bf3 Qd6 19. Bxa8 Nf5 20. Qe4 Bxd4+ 21. Kh1 Qxc5 22. b4 Ng3+ 23. hxg3 Qh5# 0-1

[Event "Bonne annee"]
[Site "Levis CAN"]
[Date "2001.01.06"]
[Round "3"]
[White "Beaudoin, Stephane"]
[Black "Auger, Bertrand"]
[Result "1/2-1/2"]
[WhiteElo "1907"]
[BlackElo "1937"]
[PlyCount "48"]
[GameId "2160767911618903"]
[EventDate "2001.01.04"]
[EventType "swiss"]
[EventRounds "5"]
[EventCountry "CAN"]

1. e4 e6 2. d4 d5 3. Nc3 dxe4 4. Nxe4 Bd7 5. Nf3 Bc6 6. Bd3 Nd7 7. O-O Ngf6 8. Qe2 Nxe4 9. Bxe4 Bxe4 10. Qxe4 c6 11. Qe2 Be7 12. c4 O-O 13. Bd2 Re8 14. Bc3 Qc7 15. Rfe1 Nf8 16. b3 Rad8 17. Qb2 f6 18. Re4 Rd7 19. Rae1 f5 20. R4e2 Bf6 21. g3 Rdd8 22. Bb4 Be7 23. Bc3 Bf6 24. Bb4 Be7 1/2-1/2

[Event "Bonne annee"]
[Site "Levis CAN"]
[Date "2001.01.06"]
[Round "3"]
[White "Boudreau, Daniel"]
[Black "Audet-Bouchard, Nicolas"]
[Result "0-1"]
[WhiteElo "2086"]
[BlackElo "1924"]
[PlyCount "70"]
[GameId "2160767911618904"]
[EventDate "2001.01.04"]
[EventType "swiss"]
[EventRounds "5"]
[EventCountry "CAN"]
[SourceTitle "hb 2012"]

1. e4 c5 2. Nf3 Nc6 3. Bb5 g6 4. Bxc6 bxc6 5. O-O Bg7 6. Re1 Nh6 7. d3 O-O 8. Nc3 f6 9. Qe2 Nf7 10. Bd2 d6 11. h3 Rb8 12. b3 e5 13. Nh2 Qe7 14. Rad1 Ba6 15. f4 exf4 16. Bxf4 Rbe8 17. Qd2 Ne5 18. d4 cxd4 19. Qxd4 Rd8 20. Qa4 Qb7 21. Ne2 Bxe2 22. Rxe2 f5 23. exf5 Rxf5 24. Be3 Rd7 25. Ng4 Nxg4 26. hxg4 Rff7 27. Bf2 Be5 28. Bd4 Rf4 29. Qc4+ Rdf7 30. Qc3 Rxd4 31. Rxd4 Qb6 32. Ree4 g5 33. Qe3 Rf4 34. Rxe5 dxe5 35. Re4 Rxe4 0-1

[Event "Bonne annee"]
[Site "Levis CAN"]
[Date "2001.01.06"]
[Round "3"]
[White "Dion, Jean-Francois"]
[Black "Pageau, Roger"]
[Result "1-0"]
[WhiteElo "1699"]
[BlackElo "1896"]
[PlyCount "69"]
[GameId "2160767911618905"]
[EventDate "2001.01.04"]
[EventType "swiss"]
[EventRounds "5"]
[EventCountry "CAN"]

1. d4 f5 2. Nf3 Nf6 3. Bf4 d6 4. h3 g6 5. e3 Bg7 6. Nbd2 c6 7. Bd3 O-O 8. O-O a5 9. a4 Na6 10. c3 Nc7 11. Qc2 Ncd5 12. Bh2 Bd7 13. e4 Nxe4 14. Nxe4 fxe4 15. Bxe4 Nf4 16. Rfe1 d5 17. Bxf4 Rxf4 18. Bd3 Bxh3 19. Ng5 Rg4 20. Nxh3 Qd6 21. Qe2 Re4 22. Bxe4 dxe4 23. Qxe4 Bf6 24. Qe6+ Qxe6 25. Rxe6 Kf7 26. Rae1 Rd8 27. Nf4 h5 28. Nd3 Rd5 29. Nc5 b6 30. Nb3 Rd6 31. Rxd6 exd6 32. Nd2 g5 33. Nc4 Be7 34. Nxb6 d5 35. Nd7 1-0

[Event "Bonne annee"]
[Site "Levis CAN"]
[Date "2001.01.07"]
[Round "4"]
[White "Angers, Gilles"]
[Black "Beaudoin, Stephane"]
[Result "1/2-1/2"]
[WhiteElo "1992"]
[BlackElo "1907"]
[PlyCount "67"]
[GameId "2160767911618906"]
[EventDate "2001.01.04"]
[EventType "swiss"]
[EventRounds "5"]
[EventCountry "CAN"]
[SourceTitle "hb 2012"]

1. e4 Nf6 2. e5 Nd5 3. d4 d6 4. Nf3 g6 5. Bc4 c6 6. Bb3 Bg7 7. c4 Nc7 8. Be3 Bg4 9. exd6 exd6 10. Nc3 O-O 11. h3 Bxf3 12. Qxf3 Nd7 13. O-O Nf6 14. d5 cxd5 15. cxd5 Nd7 16. Rac1 f5 17. Bf4 Ne5 18. Qg3 Nf7 19. Bd2 Ne8 20. Rfe1 Nf6 21. f4 Nh5 22. Qd3 Qh4 23. Ne2 Bxb2 24. Rc7 Ba3 25. Kh2 Rfe8 26. g3 Qd8 27. Rxb7 Bc5 28. Ba4 Re4 29. Nc3 Rxe1 30. Bxe1 Rb8 31. Rxb8 Qxb8 32. Qe2 Nf6 33. Bb3 Qb4 34. Qc4 1/2-1/2

[Event "Bonne annee"]
[Site "Levis CAN"]
[Date "2001.01.07"]
[Round "4"]
[White "Auger, Bertrand"]
[Black "Sauve, Richard"]
[Result "1-0"]
[WhiteElo "1937"]
[BlackElo "1906"]
[PlyCount "49"]
[GameId "2160767911618907"]
[EventDate "2001.01.04"]
[EventType "swiss"]
[EventRounds "5"]
[EventCountry "CAN"]

1. c4 e6 2. g3 d5 3. Bg2 Nf6 4. Nf3 c5 5. O-O Nc6 6. cxd5 exd5 7. d4 Bg4 8. Bg5 Bxf3 9. Bxf6 Qxf6 10. Bxf3 Nxd4 11. Bxd5 O-O-O 12. Nc3 h5 13. e3 h4 14. exd4 cxd4 15. Ne4 Qe5 16. Qc2+ Kb8 17. Rac1 f5 18. f4 Qe7 19. Nf2 hxg3 20. hxg3 g6 21. Rfe1 Qh7 22. Nd3 Bc5 23. Qxc5 b6 24. Qc6 Rxd5 25. Qxd5 1-0

[Event "Bonne annee"]
[Site "Levis CAN"]
[Date "2001.01.07"]
[Round "4"]
[White "Cote, Jocelyn"]
[Black "Dion, Jean-Francois"]
[Result "0-1"]
[WhiteElo "1817"]
[BlackElo "1699"]
[PlyCount "130"]
[GameId "2160767911618908"]
[EventDate "2001.01.04"]
[EventType "swiss"]
[EventRounds "5"]
[EventCountry "CAN"]

1. e4 d6 2. d4 Nf6 3. Nc3 c6 4. Bd3 e5 5. Nge2 g6 6. f3 Bg7 7. Be3 O-O 8. Qd2 Nbd7 9. g4 b5 10. Ng3 a6 11. h4 Ne8 12. d5 c5 13. h5 b4 14. Na4 Nc7 15. b3 Nb5 16. Bxb5 axb5 17. Nb2 Re8 18. hxg6 fxg6 19. Bg5 Bf6 20. Bh6 Bh4 21. Qh2 Bxg3+ 22. Qxg3 Qc7 23. Qh4 Ra7 24. Bg7 Nf8 25. Bf6 c4 26. Nd1 Qb6 27. a4 bxa4 28. Rxa4 Rxa4 29. bxa4 Qa7 30. Ke2 Ba6 31. Ne3 c3+ 32. Kf2 Bc4 33. Qh6 Rc8 34. Kg3 Rc7 35. a5 Be2 36. Rh2 Ba6 37. Qg5 Rf7 38. Bd8 Qd7 39. Bb6 Qe7 40. Qh6 Qf6 41. Rf2 Qf4+ 42. Qxf4 exf4+ 43. Kg2 fxe3 44. Bxe3 Nd7 45. Kg3 Ne5 46. f4 Nc4 47. Bb6 Nxb6 48. axb6 Rb7 49. Rh2 Rxb6 50. Kf3 b3 51. cxb3 Rxb3 52. Ke3 c2+ 53. Kd2 Bd3 54. Rh1 Rb1 55. Rc1 Rxc1 56. Kxc1 Bxe4 57. Kd2 Kf7 58. Kc1 Ke7 59. Kd2 Kd7 60. Kc1 Kc7 61. Kd2 Kb6 62. Kc1 Kb5 63. Kd2 Kb4 64. Kc1 Kb3 65. f5 Bxd5 0-1

[Event "Bonne annee"]
[Site "Levis CAN"]
[Date "2001.01.07"]
[Round "4"]
[White "Martineau, Michel"]
[Black "Belanger, Jacques"]
[Result "0-1"]
[WhiteElo "1800"]
[BlackElo "2063"]
[PlyCount "52"]
[GameId "2160767911618909"]
[EventDate "2001.01.04"]
[EventType "swiss"]
[EventRounds "5"]
[EventCountry "CAN"]
[SourceTitle "hb 2012"]

1. f4 d5 2. b3 Nf6 3. e3 g6 4. Bb2 Bg7 5. Nf3 O-O 6. Be2 c5 7. O-O Nbd7 8. Qe1 b6 9. Qh4 e6 10. d3 Bb7 11. Nbd2 Qc7 12. Ne5 Ne8 13. Rf3 Nxe5 14. Rh3 h5 15. Bxe5 Bxe5 16. fxe5 Qxe5 17. Rf1 Ng7 18. g4 g5 19. Qf2 hxg4 20. Bxg4 f5 21. Be2 g4 22. Rh6 d4 23. Nc4 Qd5 24. e4 fxe4 25. Qh4 Rxf1+ 26. Bxf1 e3 0-1

[Event "Bonne annee"]
[Site "Levis CAN"]
[Date "2001.01.07"]
[Round "5"]
[White "Audet-Bouchard, Nicolas"]
[Black "Auger, Bertrand"]
[Result "0-1"]
[WhiteElo "1924"]
[BlackElo "1937"]
[PlyCount "62"]
[GameId "2160767911618911"]
[EventDate "2001.01.04"]
[EventType "swiss"]
[EventRounds "5"]
[EventCountry "CAN"]

1. e4 e6 2. d4 d5 3. Nc3 Bb4 4. e5 c5 5. a3 Bxc3+ 6. bxc3 Ne7 7. Qg4 Qc7 8. Qxg7 Rg8 9. Qxh7 Nbc6 10. Qd3 cxd4 11. Ne2 Nxe5 12. Qxd4 Nf5 13. Qb4 a5 14. Qb3 a4 15. Qb4 Nc4 16. Nd4 Qe5+ 17. Be2 Rxg2 18. Kf1 Nxd4 19. cxd4 Qe4 20. Bxc4 dxc4 21. Be3 Bd7 22. d5 Qxd5 23. Bh6 O-O-O 24. Qc3 Rg6 25. Be3 Qxh1+ 26. Ke2 Qd5 27. Rd1 Qh5+ 28. f3 Rg2+ 29. Ke1 Qh4+ 30. Kf1 Rxh2 31. Rd4 Qh3+ 0-1

[Event "Bonne annee"]
[Site "Levis CAN"]
[Date "2001.01.07"]
[Round "5"]
[White "Blais, Georges"]
[Black "Pageau, Roger"]
[Result "0-1"]
[WhiteElo "1711"]
[BlackElo "1896"]
[PlyCount "142"]
[GameId "2160767738923097"]
[EventDate "2001.01.04"]
[EventType "swiss"]
[EventRounds "5"]
[EventCountry "CAN"]
[TimeControl "40/2:0"]

1. d4 d6 2. Nf3 f5 3. g3 Nf6 4. Nc3 c6 5. Bg2 g6 6. Qd3 Bg7 7. Bg5 Nbd7 8. e4 fxe4 9. Nxe4 Nxe4 10. Qxe4 Nf6 11. Bxf6 Bxf6 12. c3 Bf5 13. Qe3 Qd7 14. h3 Qe6 15. Qxe6 Bxe6 16. g4 h6 17. a3 a5 18. O-O Kd7 19. Rfe1 Rhf8 20. Re2 Bc4 21. Re3 Bd5 22. Nd2 Bh4 23. Re2 Rf4 24. Bxd5 cxd5 25. Rf1 a4 26. Kg2 Raf8 27. f3 b5 28. Re3 h5 29. Re2 Rh8 30. Re3 Bg5 31. Re2 Rf7 32. Rff2 Bf4 33. Nf1 e5 34. dxe5 dxe5 35. Ng3 hxg4 36. hxg4 Rfh7 37. Nf1 Rh1 38. Rc2 Kd6 39. Rce2 Kc5 40. Rc2 R8h7 41. Rce2 g5 42. Rc2 Kc4 43. Rce2 d4 44. cxd4 exd4 45. Nd2+ Bxd2 46. Rxd2 R7h2+ 47. Kg3 Rxf2 48. Kxf2 d3 49. Ke3 Re1+ 50. Kf2 Re5 51. Kf1 b4 52. axb4 a3 53. bxa3 Kc3 54. Rd1 Kc2 55. Ra1 d2 56. a4 Re3 57. Kf2 Re7 58. Ra2+ Kc1 59. b5 d1=Q 60. Ra1+ Kc2 61. Rxd1 Kxd1 62. b6 Re2+ 63. Kg3 Ra2 64. b7 Rb2 65. a5 Rxb7 66. f4 Rb3+ 67. Kf2 gxf4 68. a6 Ra3 69. a7 Kd2 70. a8=N Rxa8 71. Kf3 Rf8 0-1

[Event "Bonne annee"]
[Site "Levis CAN"]
[Date "2001.01.07"]
[Round "5"]
[White "Bluteau, Yvon"]
[Black "Duclos, Alain"]
[Result "1-0"]
[WhiteElo "1590"]
[BlackElo "1536"]
[PlyCount "73"]
[GameId "2160767911618912"]
[EventDate "2001.01.04"]
[EventType "swiss"]
[EventRounds "5"]
[EventCountry "CAN"]
[SourceTitle "hb 2012"]

1. Nf3 Nf6 2. c4 g6 3. Nc3 Bg7 4. d4 O-O 5. e4 d6 6. Be2 e5 7. d5 a5 8. h4 Na6 9. Bg5 Qe8 10. Nd2 h5 11. f3 Nh7 12. Be3 f5 13. exf5 gxf5 14. Qc2 f4 15. Bf2 Bf5 16. Nde4 Qg6 17. O-O-O Kh8 18. a3 Nf6 19. Rdg1 Bh6 20. Kb1 c6 21. g3 fxg3 22. Rxg3 Qf7 23. Bd3 Nxe4 24. Nxe4 Bxe4 25. Bxe4 cxd5 26. cxd5 Rac8 27. Qd3 Qf4 28. Rgg1 Nc5 29. Bxc5 Rxc5 30. Qe2 Rfc8 31. Qg2 Rc1+ 32. Ka2 Rxg1 33. Rxg1 Qf7 34. Qg6 Qg7 35. Qxh5 Qxg1 36. Qxh6+ Kg8 37. Qe6+ 1-0

[Event "British Columbia - Alberta Masters A"]
[Site "Victoria CAN"]
[Date "2001.06.13"]
[Round "1"]
[White "Poitras, Luc"]
[Black "Jiganchine, Roman"]
[Result "0-1"]
[WhiteElo "2212"]
[BlackElo "2245"]
[PlyCount "86"]
[GameId "2160767911564469"]
[EventDate "2001.06.15"]
[EventType "tourn"]
[EventRounds "5"]
[EventCountry "CAN"]
[SourceTitle "EXT 2022"]
[Source "ChessBase"]
[SourceDate "2021.10.06"]
[SourceVersion "1"]
[SourceVersionDate "2021.10.06"]
[SourceQuality "1"]

1. e4 c6 2. d4 d5 3. Nc3 dxe4 4. Nxe4 Bf5 5. Ng3 Bg6 6. Bc4 e6 7. N1e2 Nf6 8. h4 Nh5 9. Nxh5 Bxh5 10. Be3 Be7 11. Qd2 Bxe2 12. Bxe2 Nd7 13. g3 Qc7 14. O-O-O O-O-O 15. c4 Nf6 16. Qc2 c5 17. Qa4 cxd4 18. Bxd4 Bc5 19. Bxc5 Qxc5 20. Bf3 Qxf2 21. Qb3 Qb6 22. Qxb6 axb6 23. Rxd8+ Rxd8 24. Rd1 Nd7 25. Kc2 Kc7 26. Kc3 g6 27. b4 f5 28. Kd4 Ra8 29. Ke3 Ra3+ 30. Rd3 Rxd3+ 31. Kxd3 Ne5+ 32. Ke3 Nxc4+ 33. Kd4 Nd2 34. Bg2 Ne4 35. g4 Kd6 36. gxf5 gxf5 37. a4 h6 38. a5 bxa5 39. bxa5 Nc5 40. Kc4 e5 41. Kc3 e4 42. Kd4 Nb3+ 43. Ke3 Ke5 0-1

[Event "British Columbia - Alberta Masters A"]
[Site "Victoria CAN"]
[Date "2001.06.13"]
[Round "1"]
[White "Stanford, Mike"]
[Black "Moore, Harry"]
[Result "0-1"]
[WhiteElo "2167"]
[BlackElo "2255"]
[PlyCount "76"]
[GameId "2160767911564470"]
[EventDate "2001.06.15"]
[EventType "tourn"]
[EventRounds "5"]
[EventCountry "CAN"]
[SourceTitle "EXT 2022"]
[Source "ChessBase"]
[SourceDate "2021.10.06"]
[SourceVersion "1"]
[SourceVersionDate "2021.10.06"]
[SourceQuality "1"]

1. e4 e5 2. f4 exf4 3. Nf3 d6 4. Bc4 h6 5. d4 g5 6. h4 g4 7. Ng1 Qf6 8. Qd2 Bg7 9. c3 f3 10. gxf3 gxf3 11. Qf4 Qxf4 12. Bxf4 Nf6 13. Nd2 Be6 14. Bd3 f2+ 15. Kxf2 Nbd7 16. Ne2 O-O-O 17. Rhg1 Bf8 18. Kf3 d5 19. c4 dxe4+ 20. Nxe4 Nxe4 21. Kxe4 Be7 22. Kf3 Bxh4 23. d5 Nc5 24. Bc2 Bd7 25. b4 Na6 26. a3 h5 27. Nd4 Bg4+ 28. Ke3 Rhe8+ 29. Kd3 c5 30. Rxg4 hxg4 31. Nb5 Bf6 32. Rf1 Be5 33. Bxe5 Rxe5 34. Rxf7 cxb4 35. Kd4 Rg5 36. Bf5+ Kb8 37. c5 g3 38. Nd6 g2 0-1

[Event "British Columbia - Alberta Masters A"]
[Site "Victoria CAN"]
[Date "2001.06.14"]
[Round "2"]
[White "Gardner, Robert"]
[Black "Moore, Harry"]
[Result "1-0"]
[WhiteElo "2318"]
[BlackElo "2255"]
[PlyCount "49"]
[GameId "2160767911564471"]
[EventDate "2001.06.15"]
[EventType "tourn"]
[EventRounds "5"]
[EventCountry "CAN"]
[SourceTitle "EXT 2022"]
[Source "ChessBase"]
[SourceDate "2021.10.06"]
[SourceVersion "1"]
[SourceVersionDate "2021.10.06"]
[SourceQuality "1"]

1. e4 c5 2. Nf3 Nc6 3. d4 cxd4 4. Nxd4 e6 5. Nc3 Qc7 6. Be3 a6 7. Bd3 Nf6 8. O-O Ne5 9. h3 Bc5 10. Kh1 d6 11. f4 Nc6 12. e5 Bxd4 13. Bxd4 dxe5 14. fxe5 Nxe5 15. Rxf6 gxf6 16. Ne4 Nd7 17. Nxf6+ Nxf6 18. Bxf6 Rg8 19. Bxh7 Rg3 20. Qe1 Qf4 21. Be5 Qh6 22. Qxg3 Qxh7 23. Bf6 Qg6 24. Qh4 Qg8 25. Rd1 1-0

[Event "British Columbia - Alberta Masters A"]
[Site "Victoria CAN"]
[Date "2001.06.14"]
[Round "2"]
[White "Herder, David"]
[Black "Poitras, Luc"]
[Result "1/2-1/2"]
[WhiteElo "2274"]
[BlackElo "2212"]
[PlyCount "99"]
[GameId "2160767911564472"]
[EventDate "2001.06.15"]
[EventType "tourn"]
[EventRounds "5"]
[EventCountry "CAN"]
[SourceTitle "EXT 2022"]
[Source "ChessBase"]
[SourceDate "2021.10.06"]
[SourceVersion "1"]
[SourceVersionDate "2021.10.06"]
[SourceQuality "1"]

1. d4 Nf6 2. Bg5 d5 3. Bxf6 exf6 4. g3 c6 5. Bg2 Qb6 6. b3 Bf5 7. Qd2 Na6 8. a3 Bd6 9. Nf3 O-O 10. O-O Rfe8 11. Nc3 Rad8 12. Na4 Qb5 13. Nc3 Qa5 14. b4 Qb6 15. e3 Nc7 16. Na4 Qb5 17. Nc5 b6 18. Nb7 Rd7 19. Nh4 Be4 20. f3 Bg6 21. Nxd6 Rxd6 22. a4 Qc4 23. Nxg6 hxg6 24. Rfe1 Qa6 25. Kf2 Qc8 26. Rac1 c5 27. c3 f5 28. Rb1 Ne6 29. Bf1 g5 30. Bd3 g6 31. f4 c4 32. Be2 Kg7 33. Bf3 g4 34. Bg2 Nf8 35. Re2 Nd7 36. Rh1 Nf6 37. Qb2 a6 38. b5 a5 39. Qa3 Qe6 40. Qb2 Rdd8 41. Qc2 Rh8 42. Kg1 Rh7 43. Qb1 Rdh8 44. Qc2 Qe7 45. Qb2 Rh6 46. Qc1 Ne4 47. Qc2 Nf6 48. Qb2 Rh5 49. Qc1 R8h7 50. Ra2 1/2-1/2

[Event "British Columbia - Alberta Masters A"]
[Site "Victoria CAN"]
[Date "2001.06.14"]
[Round "2"]
[White "Jiganchine, Roman"]
[Black "Stanford, Mike"]
[Result "1/2-1/2"]
[WhiteElo "2245"]
[BlackElo "2167"]
[PlyCount "66"]
[GameId "2160767911564473"]
[EventDate "2001.06.15"]
[EventType "tourn"]
[EventRounds "5"]
[EventCountry "CAN"]
[SourceTitle "EXT 2022"]
[Source "ChessBase"]
[SourceDate "2021.10.06"]
[SourceVersion "1"]
[SourceVersionDate "2021.10.06"]
[SourceQuality "1"]

1. d4 d5 2. c4 c6 3. Nf3 Nf6 4. e3 Bf5 5. Nc3 e6 6. Be2 h6 7. O-O Nbd7 8. b3 Bd6 9. Bb2 Ne4 10. Nxe4 Bxe4 11. Nd2 Qg5 12. Nxe4 dxe4 13. Qd2 O-O 14. Rad1 f5 15. b4 f4 16. exf4 Bxf4 17. Qc2 e3 18. fxe3 Bxe3+ 19. Kh1 Nf6 20. Qd3 Rad8 21. Bf3 Bf4 22. Qe2 Rfe8 23. Qf2 Be3 24. Qg3 Qxg3 25. hxg3 Re7 26. Rd3 Bg5 27. Ra3 a6 28. Rb3 Ne8 29. b5 cxb5 30. cxb5 axb5 31. Rxb5 Nd6 32. Rb3 Nf5 33. Kh2 Nxd4 1/2-1/2

[Event "British Columbia - Alberta Masters A"]
[Site "Victoria CAN"]
[Date "2001.06.14"]
[Round "3"]
[White "Moore, Harry"]
[Black "Jiganchine, Roman"]
[Result "1/2-1/2"]
[WhiteElo "2255"]
[BlackElo "2245"]
[PlyCount "54"]
[GameId "2160767911564474"]
[EventDate "2001.06.15"]
[EventType "tourn"]
[EventRounds "5"]
[EventCountry "CAN"]
[SourceTitle "EXT 2022"]
[Source "ChessBase"]
[SourceDate "2021.10.06"]
[SourceVersion "1"]
[SourceVersionDate "2021.10.06"]
[SourceQuality "1"]

1. c4 c6 2. Nf3 d5 3. g3 Nf6 4. Bg2 Bf5 5. cxd5 cxd5 6. Qb3 Qb6 7. Qxb6 axb6 8. Nc3 Bd7 9. O-O e6 10. d3 Be7 11. e4 Bc6 12. Nd4 Bc5 13. exd5 Nxd5 14. Nxd5 Bxd5 15. Bxd5 exd5 16. Re1+ Kf8 17. Nb5 Nc6 18. Nc7 Rd8 19. Bg5 Be7 20. Bxe7+ Nxe7 21. Re5 Rd7 22. Na8 f6 23. Re2 b5 24. Rc1 Nc6 25. Nb6 Rd6 26. Rc5 Kf7 27. Re3 d4 1/2-1/2

[Event "British Columbia - Alberta Masters A"]
[Site "Victoria CAN"]
[Date "2001.06.14"]
[Round "3"]
[White "Stanford, Mike"]
[Black "Herder, David"]
[Result "1-0"]
[WhiteElo "2157"]
[BlackElo "2274"]
[PlyCount "95"]
[GameId "2160767911564477"]
[EventDate "2001.06.15"]
[EventType "tourn"]
[EventRounds "5"]
[EventCountry "CAN"]
[SourceTitle "EXT 2022"]
[Source "ChessBase"]
[SourceDate "2021.10.06"]
[SourceVersion "1"]
[SourceVersionDate "2021.10.06"]
[SourceQuality "1"]

1. e4 c6 2. d4 d5 3. e5 Bf5 4. Nc3 Qb6 5. g4 Bd7 6. Na4 Qc7 7. Nc5 b6 8. Nxd7 Nxd7 9. Bg2 e6 10. Ne2 h5 11. h3 hxg4 12. hxg4 Rxh1+ 13. Bxh1 O-O-O 14. f4 Nh6 15. Bf3 f6 16. Be3 f5 17. g5 Ng8 18. b3 g6 19. c4 Bb4+ 20. Kf2 dxc4 21. a3 Bf8 22. bxc4 Ne7 23. Rc1 Nc5 24. Qc2 Ne4+ 25. Bxe4 fxe4 26. Qxe4 Nf5 27. Rc3 Kb8 28. Ng3 c5 29. d5 Qh7 30. Nxf5 gxf5 31. Qf3 Qh2+ 32. Ke1 Qb2 33. Bd2 Bg7 34. d6 Rh8 35. Qc6 Qa1+ 36. Rc1 Qd4 37. Qc7+ Ka8 38. Qc6+ Kb8 39. Kd1 Qd3 40. Qc7+ Ka8 41. Qc6+ Kb8 42. Rc3 Qb1+ 43. Bc1 Qa1 44. Qc7+ Ka8 45. d7 Rh1+ 46. Ke2 Qa2+ 47. Bd2 Rh2+ 48. Kf3 1-0

[Event "British Columbia - Alberta Masters A"]
[Site "Victoria CAN"]
[Date "2001.06.15"]
[Round "4"]
[White "Gardner, Robert"]
[Black "Jiganchine, Roman"]
[Result "1/2-1/2"]
[WhiteElo "2318"]
[BlackElo "2245"]
[PlyCount "36"]
[GameId "2160767911564478"]
[EventDate "2001.06.15"]
[EventType "tourn"]
[EventRounds "5"]
[EventCountry "CAN"]
[SourceTitle "EXT 2022"]
[Source "ChessBase"]
[SourceDate "2021.10.06"]
[SourceVersion "1"]
[SourceVersionDate "2021.10.06"]
[SourceQuality "1"]

1. e4 c6 2. d4 d5 3. e5 c5 4. dxc5 e6 5. Be3 Nd7 6. Bb5 Qc7 7. Qd4 Ne7 8. b4 Nf5 9. Qf4 g5 10. Qxg5 Bh6 11. Qh5 Bxe3 12. fxe3 Qxe5 13. c3 Qxe3+ 14. Ne2 Rg8 15. Qf3 Ke7 16. Bxd7 Bxd7 17. Na3 Qxf3 18. gxf3 Nh4 1/2-1/2

[Event "British Columbia - Alberta Masters A"]
[Site "Victoria CAN"]
[Date "2001.06.15"]
[Round "4"]
[White "Herder, David"]
[Black "Moore, Harry"]
[Result "1-0"]
[WhiteElo "2274"]
[BlackElo "2255"]
[PlyCount "77"]
[GameId "2160767911564479"]
[EventDate "2001.06.15"]
[EventType "tourn"]
[EventRounds "5"]
[EventCountry "CAN"]
[SourceTitle "EXT 2022"]
[Source "ChessBase"]
[SourceDate "2021.10.06"]
[SourceVersion "1"]
[SourceVersionDate "2021.10.06"]
[SourceQuality "1"]

1. e4 d5 2. Nc3 d4 3. Nce2 Nf6 4. Ng3 h5 5. h4 e5 6. Bc4 Nc6 7. Nh3 Bg4 8. f3 Bxh3 9. Rxh3 Qd7 10. d3 Bb4+ 11. Kf2 g6 12. a3 Be7 13. b4 Nd8 14. Ne2 Ne6 15. Bd2 O-O-O 16. c3 Rdf8 17. cxd4 Nxd4 18. Nxd4 exd4 19. Qb3 Bd6 20. f4 Ng4+ 21. Kg1 Qe8 22. Rc1 Be7 23. b5 Kb8 24. Ba5 b6 25. Bb4 Ne3 26. a4 Bxb4 27. Qxb4 Qd7 28. Rg3 Rd8 29. Rg5 Rhf8 30. Bd5 f6 31. Rxg6 Qe8 32. Rg3 Nxd5 33. exd5 Rg8 34. Re1 Rxg3 35. Rxe8 Rxe8 36. Qxd4 Re2 37. d6 Rexg2+ 38. Kf1 Rg8 39. d7 1-0

[Event "British Columbia - Alberta Masters A"]
[Site "Victoria CAN"]
[Date "2001.06.15"]
[Round "4"]
[White "Poitras, Luc"]
[Black "Stanford, Mike"]
[Result "1/2-1/2"]
[WhiteElo "2212"]
[BlackElo "2167"]
[PlyCount "87"]
[GameId "2160767911564480"]
[EventDate "2001.06.15"]
[EventType "tourn"]
[EventRounds "5"]
[EventCountry "CAN"]
[SourceTitle "EXT 2022"]
[Source "ChessBase"]
[SourceDate "2021.10.06"]
[SourceVersion "1"]
[SourceVersionDate "2021.10.06"]
[SourceQuality "1"]

1. e4 c5 2. Nf3 e6 3. d4 cxd4 4. Nxd4 Nf6 5. Nc3 d6 6. Bc4 a6 7. Bb3 Nbd7 8. f4 Qc7 9. O-O Nc5 10. Qe2 Be7 11. Kh1 b5 12. e5 dxe5 13. fxe5 Nfd7 14. Bf4 Bb7 15. Rad1 Qb6 16. Nf3 Qc6 17. Nd4 Qb6 18. a3 O-O 19. Qg4 Rad8 20. Bh6 g6 21. Bxf8 Rxf8 22. Rde1 h5 23. Qf4 Kg7 24. Nf3 Qc6 25. Ne2 g5 26. Qe3 g4 27. Ned4 gxf3 28. Nxc6 fxg2+ 29. Kxg2 Bxc6+ 30. Kh3 Ne4 31. Rg1+ Kh7 32. Qe2 Kh6 33. c3 Bc5 34. Rg2 Nxe5 35. Bc2 f5 36. Qf1 Nf3 37. Bxe4 fxe4 38. Qe2 e5 39. Rg3 Rf4 40. Rg8 Rh4+ 41. Kg3 Kh7 42. Rg5 Kh6 43. Rg8 Kh7 44. Rg5 1/2-1/2

[Event "British Columbia - Alberta Masters A"]
[Site "Victoria CAN"]
[Date "2001.06.15"]
[Round "5"]
[White "Moore, Harry"]
[Black "Poitras, Luc"]
[Result "1-0"]
[WhiteElo "2255"]
[BlackElo "2212"]
[PlyCount "145"]
[GameId "2160767911564482"]
[EventDate "2001.06.15"]
[EventType "tourn"]
[EventRounds "5"]
[EventCountry "CAN"]
[SourceTitle "EXT 2022"]
[Source "ChessBase"]
[SourceDate "2021.10.06"]
[SourceVersion "1"]
[SourceVersionDate "2021.10.06"]
[SourceQuality "1"]

1. e4 c5 2. Nf3 Nc6 3. d4 cxd4 4. Nxd4 e5 5. Nb5 d6 6. Be3 Be7 7. N1c3 a6 8. Nd5 Kf8 9. Bb6 Qd7 10. Nbc7 Rb8 11. Qd2 Nf6 12. Nxf6 Bxf6 13. Nd5 Bd8 14. O-O-O h5 15. Kb1 Qg4 16. Bxd8 Nxd8 17. Ne3 Qg6 18. Qxd6+ Qxd6 19. Rxd6 Ke7 20. Rd5 Nc6 21. Rd1 Be6 22. Bc4 Rbd8 23. c3 Bxc4 24. Nxc4 Ke6 25. Rxd8 Rxd8 26. Kc2 g6 27. Re1 Rc8 28. Kd3 f5 29. exf5+ gxf5 30. Nd2 Rg8 31. g3 h4 32. Ke2 hxg3 33. hxg3 Rh8 34. Nf3 e4 35. Nh4 Ne5 36. Ng2 Nd3 37. Nf4+ Nxf4+ 38. gxf4 Rh4 39. Rg1 Kd6 40. Rg7 Kc6 41. Ke3 Rh3+ 42. Rg3 Rh1 43. Rg5 Re1+ 44. Kd4 Re2 45. b4 Rd2+ 46. Ke5 Rxf2 47. Kxf5 e3 48. Rg3 e2 49. Re3 Kd5 50. Kg4 Rg2+ 51. Kf3 e1=Q 52. Rxe1 Rxa2 53. f5 Rh2 54. Kf4 Rf2+ 55. Kg5 Rg2+ 56. Kf6 Rg3 57. Rd1+ Kc6 58. Rc1 b6 59. Kf7 a5 60. bxa5 bxa5 61. f6 a4 62. Ke7 Re3+ 63. Kf8 a3 64. f7 Kc5 65. Rf1 a2 66. Kg8 Rg3+ 67. Kh7 Rh3+ 68. Kg7 Rg3+ 69. Kf6 Rf3+ 70. Rxf3 a1=Q 71. f8=Q+ Kc4 72. Qf7+ Kc5 73. Rf5+ 1-0